000 01053nam a2200217 a 4500
001 BRCA_8901
005 20190320210442.0
008 160617s1785----sp-#######---#000-0#spa-#
041 _aspa
044 _asp
084 _aCO58
_b.C68 1785
100 1 _aCovarrubias, Joseph de
_922143
245 1 0 _aMáximas sobre recursos de fuerza y protección, con el método de introducirlos en los tribunales
_csu autor el Licenciado Don Joseph de Covarrubias...
260 _aMadrid
_bPor D. Joachin Ibarra
_c1785
300 _aVII, 440 p.
_c31.2 x 20.2 cm
500 _aEn portada: El remedio de la fuerza es el más importante y necesario que puede haber para el bien y quietud, é buen gobierno de estos Reynós, sin el qual toda la República se turbaría, y se seguirían grandes escándalos, é incovenientes. Ley 8o. tit. 5 lib. 2. Recop.
500 _aEstado físico: presenta encuadernación en pergamino con presencia del pez de plata y cintas rotas
650 1 4 _aDerecho procesal
_yObras anteriores a 1800
_921693
902 _aCFM
942 _2lcc
_cB
999 _c8552
_d8552